La guerra de los sueños: ejercicios de etno-ficción

Bewaard in:
Bibliografische gegevens
Hoofdauteur: Augé, Marc (Auteur)
Formaat: Boek
Taal:Spaans
Gepubliceerd in: Barcelona Gedisa 1998
Editie:2a. ed
Reeks:Antropología y Etnografía
Onderwerpen:
Tags: Voeg label toe
Geen labels, Wees de eerste die dit record labelt!

MARC

LEADER 00000nam a2200000 a 4500
001 UCL9390
003 CL-VaPUC
008 040806e19980000SP |||||||||||||||||spa|d
020 |a 8474326605 
082 0 4 |a 301  |b AUG  |2 21 
100 0 |a Augé, Marc  |e author  |9 487190 
245 1 3 |a La guerra de los sueños: ejercicios de etno-ficción 
250 |a 2a. ed 
300 |a 156 p 
942 |c BK 
945 |d 20040806 00:00:00  |a cmena 
260 |a Barcelona  |b Gedisa  |c 1998 
650 0 |a Antropología cultural y social   |9 265143 
650 0 |a Cambio social   |9 256857 
650 0 |a Etnografía   |9 309735 
650 0 |a Psicología social   |9 222894 
583 |a last modification  |c 20040806 00:00:00  |k Rodrigo Vera 
490 0 |a Antropología y Etnografía 
999 |c 310184  |d 310182 
952 |0 0  |1 0  |4 0  |6 301_000000000000000_AUG_1998  |7 0  |8 A  |9 378435  |a BIBCUR  |b BIBCUR  |d 2019-11-21  |i 4121163  |o 301 AUG 1998  |p 4121163  |r 2025-04-22  |w 2019-11-21  |y BK  |k MGC 
952 |0 0  |1 0  |4 0  |6 301_000000000000000_AUG_1998  |7 0  |8 A  |9 378436  |a BIBHIS  |b BIBHIS  |d 2019-11-21  |i 4746562  |o 301 AUG 1998  |p 4746562  |r 2025-01-20  |w 2019-11-21  |y BK  |k HIS